|
|
|
|
| LEADER |
00000naa0a2200000 4500 |
| 001 |
602745 |
| 005 |
20250916155418.0 |
| 035 |
|
|
|a (RuTPU)RU\TPU\tpu\29094
|
| 035 |
|
|
|a RU\TPU\tpu\29093
|
| 090 |
|
|
|a 602745
|
| 100 |
|
|
|a 20170516d2016 k y0rusy50 ca
|
| 101 |
0 |
|
|a rus
|
| 102 |
|
|
|a RU
|
| 200 |
1 |
|
|a Некоторые превращения π-дефицитных гетероциклических солей диазония
|f А. Н. Санжиев, А. Ж. Касанова, Е. А. Краснокутская
|
| 225 |
1 |
|
|a Химическая технология органических и неорганических веществ
|
| 320 |
|
|
|a Библиогр.: с. 160 (3 назв.)
|
| 333 |
|
|
|a В фонде НТБ ТПУ отсутствует
|
| 463 |
|
1 |
|t Актуальные вопросы химической технологии и защиты окружающей среды
|o сборник материалов VI Всероссийской конференции c международным участием, г. Чебоксары, 24-25 ноября 2016 г.
|f редкол.: К. В. Липин (отв. ред.), Т. Г. Константинова, О. Е. Насакин
|v С. 160
|d 2016
|
| 610 |
1 |
|
|a труды учёных ТПУ
|
| 610 |
1 |
|
|a пиридины
|
| 610 |
1 |
|
|a диазотирование
|
| 610 |
1 |
|
|a иодирование
|
| 700 |
|
1 |
|a Санжиев
|b А. Н.
|g Алдар Николаевич
|
| 701 |
|
1 |
|a Касанова
|b А. Ж.
|c химик
|c асисстент кафедры Томского политехнического университета, техник
|f 1990-
|g Асия Журсуновна
|3 (RuTPU)RU\TPU\pers\32252
|
| 701 |
|
1 |
|a Краснокутская
|b Е. А.
|c химик-органик
|c профессор Томского политехнического университета, доктор химических наук
|f 1966-
|g Елена Александровна
|3 (RuTPU)RU\TPU\pers\25856
|9 11725
|
| 712 |
0 |
2 |
|a Национальный исследовательский Томский политехнический университет (ТПУ)
|b Институт физики высоких технологий (ИФВТ)
|b Кафедра биотехнологии и органической химии (БИОХ)
|3 (RuTPU)RU\TPU\col\18693
|
| 801 |
|
1 |
|a RU
|b 63413507
|c 20141029
|
| 801 |
|
2 |
|a RU
|b 63413507
|c 20170518
|g RCR
|
| 942 |
|
|
|c BK
|